000 00470nam a2200169Ia 4500
999 _c23222
_d23222
003 OSt
005 20200323141437.0
008 190216s9999||||xx |||||||||||||| ||und||
040 _coclc
082 _a297.29
_bAHM/I
100 _aAhmed, Z
_92183
245 0 _aIslam Universal Religion /
_cZ Ahmed
260 _bRoyal Publishers,
_c1990.
_aDelhi:
300 _a158p
650 _aIslamic History
942 _cBK
_2ddc
_h297.29
_iAHM/I
_k297.29
_mAHM/I